000 01189cam a2200325 i 4500
001 zz2003920762
003 NUKAT
005 20260421131513.0
008 030128s1975 pl a g |001 0 pol c
035 _a(OCoLC)830621580
035 _a(NUKAT)zz2003920762
040 _aKR U/39KP
_bpol
_erda
_cKR U/39KP
_dKR U/39KP
_dKR U/39KPs
_dWR O/dja
_dWA 325/JK
046 _k1975
100 1 _aZins, Henryk Stanisław
_d(1922-2002).
_eAutor
_926926
245 1 0 _aHistoria Kanady /
_cHenryk Zins.
260 _aWrocław ;
_aWarszawa ;
_aKraków ;
_aGdańsk :
_bZakład Narodowy im. Ossolińskich - Wydawnictwo,
_c1975.
300 _a299, [1] strona :
_bilustracje, errata ;
_c24 cm.
336 _aTekst
_btxt
_2rdacontent
337 _aBez urządzenia pośredniczącego
_bn
_2rdamedia
338 _aWolumin
_bnc
_2rdacarrier
380 _aKsiążki
380 _aPublikacje naukowe
388 1 _a1901-2000
388 1 _a1945-1989
504 _a"Wskazówki bibliograficzne" na stronach 273-276. Indeksy.
651 7 _aKanada
_xhistoria.
_2kaba
_940368
655 7 _aMonografia
_2DBN
_935240
710 2 _aZakład Narodowy im. Ossolińskich.
_bWydawnictwo.
_eWydawca
_4pbl
_91939
942 _2ddc
_cBK_NM
999 _c27712
_d27712